01098nam a2200361 4500001000800000003000900008005001700017007000800034008004000042016001600082017000600098020001500104035000600119040002500125041001100150080000600161082001900167100002200186240004000208245007200248260002500320300002800345490002700373500003900400650003200439700002800471700002600499830002600525942001200551952012000563956003800683999001500721 165974DO-SdBNP20161019125602.0 165974851001s1984 sp a 000 spa 7 a z 2BPMSU b  a8434813378 a  aBPMSUbspacBPMSUe 1 aspah  0a  a833.91 bL797n1 aLobe, Mirad1913-10aMoritz Huna Nasenriecherlespañol13aLa nariz de Moritz /cMira Lobe ; traducción Manuel Olasagastih  aMadrid :bS.M,c1984 a180 p.: bil. ;c21 cm0 aEl Barco de vaporv 70 aPara niños a partir de 9 años  aCUENTOS INFANTILES ALEMANES aOlasagasti, Manueletr. aTelle, Antonio eil.  aEl Barco de vaporv70 2ddccBK 00102ddc40708CI-GaBPMETbBPMETd2016-04-08eFUNDIl0o833.91 L797npBPMSU16040268r2016-04-08w2016-04-08yBK aVMATEO2103201604086BPMSU80069 c9665d9665